00385pab a2200121 454500008004000000100001900040245012000059260000900179300001300188362000900201650002000210773003300230180718b2000 xxu||||| |||| 00| 0 eng d aGaba, David M. aStructural and organizational issues in patient safety: a comparison of health care to other high-hazard industries c2000 ap.83-102 aFall aHealth services aCalifornia Management Review